Zidane Clubs - Statistics

General Stats
  • This quiz has been taken 102 times
  • The average score is 5 of 7
Answer Stats
Years Answer % Correct
2001-06 Real Madrid
100%
2016- Real Madrid
100%
1996-01 Juventus
98%
1994-06 France
74%
1992-96 Bordeaux
62%
2014-16 Real Madrid Castilla
45%
1989-92 Cannes
39%
No matching quizzes found
Score Distribution
Percent of People with Each Score
Percentile by Number Answered
Your Score History
You have not taken this quiz